| 000 | 02409nam0a2200373 4500 | ||
|---|---|---|---|
| 001 | RU\NLR\BIBL_A\011798968 | ||
| 005 | 20181109123950.0 | ||
| 010 |
_a978-5-00089-251-0 _9500 |
||
| 021 |
_aRU _bКН-П-18-061491 _9КН-П-18-4422 |
||
| 035 | _a(NLR Aleph) 011798968 | ||
| 035 | _a(RuMoRGB)009719925 | ||
| 090 |
_a11861918 _c11861918 |
||
| 100 | _a20180926d2018 k y0rusy50 ca | ||
| 101 | 0 | _arus | |
| 102 | _aRU | ||
| 105 | _aa|||z|||000zy | ||
| 200 | 1 |
_aНепрерывное образование: методология, технологии, управление _eколлективная монография _f[Арфае Анна Владимировна - доцент, кандидат экономических наук, Бажанова Ольга Авенировна, Брядовая Римма Александровна и др. _gредакционная коллегия: Н. А. Лобанов - профессор и др.] _gМинистерство образования и науки Российской Федерации, ФГБОУ ВО "Ярославский государственный педагогический университет имени К. Д. Ушинского" |
|
| 210 |
_aЯрославль _cРедакционно-издательский отдел ФГБОУ ВО "Ярославский государственный педагогический университет им. К.Д. Ушинского" (РИО ЯГПУ) _d2018 |
||
| 215 |
_a287 с. _cил., табл. _d21 |
||
| 300 | _aАвт. указаны на 285-287-й с. | ||
| 320 | _aБиблиогр. в подстроч. примеч. | ||
| 606 | 1 |
_aНепрерывное образование _jСъезды, совещания и т.п _2nlr_sh2 _3RU\NLR\AUTH\66758333 |
|
| 610 | 0 | _aнепрерывное образование | |
| 686 | 1 | _aЧ34(2Р)я431 | |
| 701 | 1 |
_aАрфае _bА. В. _gАнна Владимировна |
|
| 701 | 1 |
_aБажанова _bО. А. _gОльга Авенировна |
|
| 701 | 1 |
_aБрядовая _bР. А. _gРимма Александровна |
|
| 702 | 1 |
_aЛобанов _bН. А. _cканд. экон. наук _f1934- _gНиколай Андреевич _3RU\NLR\AUTH\777521 _4340 |
|
| 942 | _cBOOK | ||
| 980 | _aNBR | ||
| 980 | _aNB | ||